000 00587nam a2200181 4500
001 3855
005 20181127172125.0
090 0 0 _a954.98092 K521r 2013
100 0 0 _a
245 0 0 _aReminiscences :
_bA king and his times, 1972-2006 /
_c
_h
250 0 0 _a
260 0 0 _aThimphu :
_bDruk Yoedzer,
_c2013.
300 0 0 _a107 p. :
_bcol. ill. ;
_c21 cm. x 28 cm.
500 0 0 _a"His Majesty the Fourth King, Jigme Singye Wangchuck"
650 0 0 _a
_x
650 0 0 _aJigme Singye Wangchuck, King of Bhutan, 1955- --Pictorial works.
_x
651 _aBhutan --Kings and rulers --Pictorial works.
_v
_x
_y
_z
_2
999 _c3153
_d3153